Quantitative analysis /
Se describen las aplicaciones del análisis cuantitativo en las ciencias sociales. Se plantea que este método permite realizar inferencias causales a partir de un gran número de casos, y se describen las aplicaciones de análisis cuantitativo con pocos o con muchos casos. Se detallan conceptos tales c...
Gardado en:
| Autor Principal: | |
|---|---|
| Formato: | Texto |
| Idioma: | English |
| Materias: | |
| Etiquetas: |
Engadir etiqueta
Sen Etiquetas, Sexa o primeiro en etiquetar este rexistro!
|
MARC
| LEADER | 00000 a a2200000 04500 | ||
|---|---|---|---|
| 001 | 42132 | ||
| 003 | cru CRAI/IIS | ||
| 005 | 20191210151749.0 | ||
| 008 | 191210b2008 CR ||||| |||| 00| 0 eng d | ||
| 999 | |c 31516 |d 31516 | ||
| 020 | |a 978-0-521-70966-8 | ||
| 040 | |c cru CRAI/IIS | ||
| 090 | |a 18.03.01 D357a | ||
| 100 | |a Franklin, Mark | ||
| 245 | |a Quantitative analysis / |c Mark Franklin | ||
| 300 | |a páginas 240-262 | ||
| 520 | |a Se describen las aplicaciones del análisis cuantitativo en las ciencias sociales. Se plantea que este método permite realizar inferencias causales a partir de un gran número de casos, y se describen las aplicaciones de análisis cuantitativo con pocos o con muchos casos. Se detallan conceptos tales como matrices de datos, variables y niveles de medida, unidades y niveles de análisis, estadísticas, significancia y otros. | ||
| 590 | |a DISEMINAR092011/EFU/SETIEMBRE2011 | ||
| 650 | |a 1.ESTADISTICA | ||
| 650 | |a 2.METODOS DE INVESTIGACION | ||
| 650 | |a 3.CIENCIAS SOCIALES | ||
| 650 | |a 4.COMPORTAMIENTO POLITICO | ||
| 650 | |a 5.COMPORTAMIENTO SOCIAL | ||
| 650 | |a 6.CIENCIA POLITICA | ||
| 650 | |a 7.SOCIOLOGIA | ||
| 773 | |g páginas 240-262 : tablas | ||
| 773 | 0 | |0 42741 |9 4058 |a Della Porta, Donatella |d Inglaterra : Cambridge University Press |o 13545 |t Approaches and methodologies in the social sciences: |w (cru CRAI/IIS)42032 |z 978-0-521-88322-1 | |
| 942 | |2 ddc |c LI | ||



